It doesn't take a hero : (Record no. 1086)

MARC details
000 -LEADER
fixed length control field 01184pam a2200325 a 4500
005 - DATE AND TIME OF LATEST TRANSACTION
control field 20260322212046.0
008 - FIXED-LENGTH DATA ELEMENTS--GENERAL INFORMATION
fixed length control field data
010 ## - LIBRARY OF CONGRESS CONTROL NUMBER
LC control number 92020762
020 ## - INTERNATIONAL STANDARD BOOK NUMBER
International Standard Book Number 0553089447 (HC) :
Terms of availability {dollar}25.00 ({dollar}29.50 Can.)
020 ## - INTERNATIONAL STANDARD BOOK NUMBER
International Standard Book Number 0553093665 (Limited ed.)
020 ## - INTERNATIONAL STANDARD BOOK NUMBER
International Standard Book Number 9780553089448 (HC) :
Terms of availability {dollar}25.00 ({dollar}29.50 Can.)
020 ## - INTERNATIONAL STANDARD BOOK NUMBER
International Standard Book Number 9780553093667 (Limited ed.)
040 ## - CATALOGING SOURCE
Original cataloging agency DLC
Transcribing agency DLC
Modifying agency CtY
-- CtY
043 ## - GEOGRAPHIC AREA CODE
Geographic area code n-us---
050 00 - LIBRARY OF CONGRESS CALL NUMBER
Classification number E840.5.S39
Item number A3 1992
099 ## - LOCAL FREE-TEXT CALL NUMBER (OCLC)
Classification number SCHWH
001 - CONTROL NUMBER
control field data
100 1# - MAIN ENTRY--PERSONAL NAME
Personal name Schwarzkopf, H. Norman,
Dates associated with a name 1934-
245 10 - TITLE STATEMENT
Title It doesn't take a hero :
Remainder of title General H. Norman Schwarzkopf, the autobiography /
Statement of responsibility, etc. written with Peter Petre.
260 ## - PUBLICATION, DISTRIBUTION, ETC.
Place of publication, distribution, etc. New York :
Name of publisher, distributor, etc. Bantam Books,
Date of publication, distribution, etc. 1992.
300 ## - PHYSICAL DESCRIPTION
Extent xii, 530 p., [32] p. of plates :
Other physical details ill., maps ;
Dimensions 25 cm.
500 ## - GENERAL NOTE
General note "Linda Grey Bantam Books."
504 ## - BIBLIOGRAPHY, ETC. NOTE
Bibliography, etc. note Includes bibliographical references (p. 507) and index.
590 ## - LOCAL NOTE (RLIN)
Local note "Linda Grey Bantam Books."
590 ## - LOCAL NOTE (RLIN)
Local note Includes bibliographical references (p. 507) and index.
600 10 - SUBJECT ADDED ENTRY--PERSONAL NAME
Personal name Schwarzkopf, H. Norman,
Dates associated with a name 1934-
610 10 - SUBJECT ADDED ENTRY--CORPORATE NAME
Corporate name or jurisdiction name as entry element United States.
Subordinate unit Army
Form subdivision Biography.
650 #0 - SUBJECT ADDED ENTRY--TOPICAL TERM
Topical term or geographic name entry element Generals
Geographic subdivision United States
Form subdivision Biography.
700 1# - ADDED ENTRY--PERSONAL NAME
Personal name Petre, Peter.
Holdings
Withdrawn status Lost status Damaged status Not for loan Home library Current library Shelving location Date acquired Total checkouts Full call number Barcode Date last seen Price effective from Koha item type
        Midway Midway General stacks 22/03/2026   E840.5.S39 A3 1992 BC0011120 22/03/2026 22/03/2026 Books